000 00256nam a2200109Ia 4500
008 220204s9999 xx 000 0 und d
082 _a658.1(547.1)
100 _aJoshi, T M
245 0 _aBombay finance
260 _aPoona
_bGokhale Inst
_c1947
942 _cBK
999 _c19998
_d19998